| 000 | 00814nam0a22002411 4500 | ||
|---|---|---|---|
| 001 | v19\rc\2080391 | ||
| 005 | 20250620032949.0 | ||
| 035 | _a(NLR Aleph) 005151229 | ||
| 090 |
_a4902383 _c4902383 |
||
| 100 | _a20081218d1911 |||y0rusy50 ca | ||
| 101 | 1 |
_arus _cger |
|
| 102 | _aRU | ||
| 105 | _ay z ||||| | ||
| 200 | 1 |
_aКожные и венерические болезни _fПроф. д-р Neisser и д-р Konrad Siebert |
|
| 210 |
_d1911 _aБ. м. |
||
| 225 | 1 |
_aНаучные курсы для усовершенствования врачей _v1911, вып. 4 |
|
| 700 | 1 |
_aНейссер _bА.Л. _f1855-1916 _gАльберт Людвиг |
|
| 701 | 1 |
_aЗиберт _bК. _gКонрад |
|
| 801 | 0 |
_aRU _bNLR _gpsbo |
|
| 801 | 1 |
_aRU _bProSoft-M _2rusmarc |
|
| 852 |
_aNLR _j2/1026 |
||
| 942 | _cBOOK | ||
| 980 | _aNB | ||